Statistiques concernant QCM Henri IV.

Cliquez ici pour prendre le quiz!

Statistiques générales

  • Ce quiz a été pris 259 fois
  • Le résultat moyen est 9 sur 12

Statistiques - réponses

QuestionRéponse% Correct
Quel édit permet aux protestants d'exercer leur religion?L'édit de Nantes
93%
Pour quelle raison ne peut-il pas prétendre au trône de France?Il est protestant.
92%
Comment meurt-il ?Assassiné
89%
Que fait-il pour y accéder?Il se convertit.
89%
Qui lui succède?Louis XIII
81%
Qui sont ses parents?Antoine de Bourbon et Jeanne de Navarre
80%
En quelle année ?En 1610
75%
Avec qui se remarie-t-il après l'annulation de son mariage en 1599?Marie de Médicis
73%
Quel événement se passe le jour de son mariage avec Marguerite de France?La Saint-Barthélémy
71%
En quelle année est-il finalement sacré?En 1594
59%
En quelle année est-il proclamé?1598
54%
En quelle année est né Henri IV?1553
47%

Distribution des résultats

Percentile par nombre de réponses

% des personnes avec chaque résultat

Votre développement - résultats

Vous n’avez pas pris ce quiz